000 00612nam a22002177a 4500
003 DO-SdBNP
005 20151113105939.0
008 151113b 1993 sp xxu||||| |||| 00| 0 spa d
020 _a8432929727
040 _aBPMSU
_bspa
_cBPMSU
092 _axxxxx
_bxxxxx
100 1 _aCusa, Juan de
245 1 0 _aInstalación de cuartos de baño /
_cJuan de Cusa.
260 _aBarcelona :
_bCeac,
_c1993.
300 _a303 p.
_bil.
_c22 cm.
490 1 _aMonografías Ceac de construcción
830 _aMonografías Ceac de construcción
910 _a00260
942 _2ddc
_cBK
956 _2Lorenza Pérez
999 _c8696
_d8696